10 Most Populated U.S. States - Statistics

General Stats
  • This quiz has been taken 54 times
  • The average score is 8 of 10
Answer Stats
Population State % Correct
39.9 million California
100%
20.3 million New York
100%
29.9 million Texas
100%
22.0 million Florida
90%
12.8 million Illinois
88%
11.8 million Ohio
83%
10.9 million Georgia
70%
13.0 million Pennsylvania
70%
10.1 million Michigan
58%
10.6 million North Carolina
53%
No matching quizzes found
Score Distribution
Percent of People with Each Score
Percentile by Number Answered
Your Score History
You have not taken this quiz